Drapeaux avec la couleur Blanc - Mort subite - Statistiques

Statistiques générales
  • Ce quiz a été pris 234 fois
  • Le résultat moyen est 7 sur 24
Answers on the Grid
Answers color-coded by a green-red scale on the quiz's grid according to % correct below.
Algérie
Bhoutan
Botswana
Comores
Djibouti
Honduras
Îles Marshall
Kiribati
Libye
Maldives
Myanmar
Népal
Paraguay
Portugal
Russie
Samoa
Slovénie
Afrique du Sud
Suriname
Thaïlande
Timor-Leste
Hongrie
Yémen
Zimbabwe
Albanie
Arménie
Bangladesh
Tchad
Colombie
Allemagne
Guinée Bissau
Kazakhstan
Liechtenstein
Malawi
Palau
République du Congo
Saint-Vincent-et-les-Grenadines
Sénégal
Sri Lanka
Suède
Tanzanie
Ukraine
Vanuatu
Zambie
Gabon
Chine
Burkina Faso
Belgique
 
Statistiques - réponses
Réponse % Correct
Algérie
62%
Russie
59%
Hongrie
51%
Slovénie
50%
Thaïlande
47%
Paraguay
46%
Afrique du Sud
42%
Népal
41%
Honduras
38%
Botswana
30%
Yémen
27%
Djibouti
26%
Bhoutan
22%
Comores
22%
Portugal
22%
Îles Marshall
19%
Myanmar
19%
Samoa
19%
Libye
18%
Suriname
18%
Kiribati
16%
Maldives
11%
Timor-Leste
11%
Zimbabwe
9%
Aucun quiz correspondant
Distribution des résultats
% des personnes avec chaque résultat
Percentile par nombre de réponses
Votre historique - résultats
Vous n’avez pas pris ce quiz